NRL Teams - Statistics

General Stats
  • This quiz has been taken 18 times
  • The average score is 16 of 17
Answer Stats
NRL TEAMS % Correct
Brisbane Broncos
100%
Canberra Raiders
100%
Dolphins
100%
Gold Coast Titans
100%
Manly-Warringah Sea Eagles
100%
North Queensland Cowboys
100%
Penrith Panthers
100%
St George-Illawarra Dragons
100%
Sydney Roosters
100%
Warriors
100%
Wests Tigers
100%
Melbourne Storm
91%
Newcastle Knights
91%
Paramatta Eels
91%
South Sydney Rabbitohs
91%
Canterbury-Bankstown Bulldogs
82%
Cronulla Sharks
82%
No matching quizzes found
Score Distribution
Percent of People with Each Score
Percentile by Number Answered
Your Score History
You have not taken this quiz